00692nam a2200241 a 4500001001300000003000900013005001700022008004100039020000900080082001700089100002000106245002900126260005200155300000900207500003500216505001000251650002100261700002000282902000800302942000700310952011600317999001700433nice12345678IN_TiNIC20260116013402.0050524s1992 mysa grp 000 0 urd  ac7000a491.439bZAI aZaidi, Shamshad aIntensive Course in Urdu aMysorebCentral Inst. of Indian Languagesc1992 a396p aincludes index and biblioraphy2 aIndex aUrdu-Coursr Book1 aZaidi, Shamshad bSRS cBK 001040708StackRoom-aHMIbHMId2007-06-07g70.00l0o491.439 ZAIp016307r2007-06-07v70.00w2005-05-24yBK c10801d10801